Quiz wiedzy ogólnej - Statystyki

Ogólne statystyki
  • Ten quiz został rozwiązany 18 razy
  • Średni wynik to 7 z 10
Statystyki odpowiedzi
Zagadnienie Odpowiedź % Poprawnych
Przed igą świątek ktòra polka była najlepsza Radwańska
100%
Ktòre z tych jest najdłuższe Są równe
93%
Co oznacza słowo goldfish Złota rybka
93%
Jak naxywa sie ryba logo jetpunk Jeppy
73%
Kto ma trójke dzieci w pszczółce maji Pani biedronka
60%
Które z tych miast nie jest portem Sopot
53%
W którym roku w wielkiej brytanji zakazano kar fizycznych 1997
47%
Które z tych stworzeń potrafi przetrwać mocne promieniowanie Niesporczak
47%
Który pierwiastek ma numer 118 Oganesson
47%
Jaki jest najmniejszy polski ptak Mysikròlik
40%
Nie znaleziono quizów pasujących do podanych kryteriów
Rozkład punktacji
Procent ludzi z każdym wynikiem
Percentyl według liczby udzielonych odpowiedzi
Twoja historia wyników
Nie rozwiązałeś tego quizu